|
|
|
|
| LEADER |
00000nam0a2200000 4500 |
| 001 |
151799 |
| 005 |
20231101221603.0 |
| 020 |
|
|
|a RU
|b 85-42814
|
| 035 |
|
|
|a (RuTPU)RU\TPU\book\164577
|
| 035 |
|
|
|a RU\TPU\book\164575
|
| 090 |
|
|
|a 151799
|
| 100 |
|
|
|a 20090127g1985 m y0rusy5003 ca
|
| 101 |
0 |
|
|a rus
|
| 102 |
|
|
|a RU
|
| 105 |
|
|
|a y z 000ay
|
| 200 |
1 |
|
|a Победа
|e политический роман
|e в 3 книгах
|h Кн. 3
|f А. Б. Чаковский
|
| 210 |
|
|
|a Москва
|c Воениздат
|d 1985
|
| 215 |
|
|
|d 21 см
|a 430 с.
|
| 610 |
1 |
|
|a Потсдамская конференция
|
| 610 |
1 |
|
|a советская литература
|
| 610 |
1 |
|
|a романы
|
| 675 |
|
|
|a Р2
|z rus
|
| 700 |
|
1 |
|a Чаковский
|b А. Б.
|c русский писатель
|f 1913-1994
|g Александр Борисович
|2 stltpush
|3 (RuTPU)RU\TPU\pers\8207
|9 1604
|
| 801 |
|
0 |
|a RU
|b RuMRKP
|c 19950704
|g psbo
|
| 801 |
|
1 |
|a RU
|b 63413507
|c 20090127
|g PSBO
|
| 801 |
|
2 |
|a RU
|b 63413507
|c 20140227
|g PSBO
|
| 942 |
|
|
|c BK
|